000 00464nam a2200181 4500
003 OSt
008 240507b |||||||| |||| 00| 0 eng d
020 _a9789389211634
082 _a005.7
100 _aSUBRAMANIAN, Chandramouli
245 _aBlockchain Technology
250 _a1st
260 _aHyderabad
_bUniversities Press
_c2023
300 _a672
650 _aB.Tech(IT)
700 _aAsha A George, Abhilash KA and Meena Karthikeyan
942 _2ddc
_cBK
999 _c12657
_d12657